logo

Bir Sreshtho Munshi Abdur Rouf Library
Jhenaidah Cadet College

Situational writing / (Record no. 5027)

MARC details
000 -LEADER
fixed length control field 00738cam a2200265 a 4500
001 - CONTROL NUMBER
JCCL Control Number 5027
003 - CONTROL NUMBER IDENTIFIER
JCCL marc code BD-JhCC
005 - DATE AND TIME OF LATEST TRANSACTION
control field 20171207095620.0
008 - FIXED-LENGTH DATA ELEMENTS--GENERAL INFORMATION
fixed length control field 810918s1982 cau b 000 0 eng
020 ## - INTERNATIONAL STANDARD BOOK NUMBER
International Standard Book Number 0534010822
035 ## - SYSTEM CONTROL NUMBER
system control number (BD-JhCC) 5027
040 ## - CATALOGING SOURCE
Original cataloging agency DLC
Transcribing agency DLC
Modifying agency DLC
-- OCoLC
-- DLC
041 ## - LANGUAGE CODE
Language code of Book eng
050 10 - LIBRARY OF CONGRESS CALL NUMBER
Classification number PE1404
Item number .K7
082 00 - DEWEY DECIMAL CLASSIFICATION NUMBER
Classification number 808/.042
DDC Edition number 19
Author mark and Year KRU 1982
100 1# - MAIN ENTRY--PERSONAL NAME
Personal name Krupa, Gene H.
245 10 - TITLE STATEMENT
Title Situational writing /
Statement of responsibility, etc Gene H. Krupa.
260 ## - PUBLICATION, DISTRIBUTION, ETC. (IMPRINT)
Place of publication, distribution, etc Belmont, Calif. :
Name of publisher, distributor, etc Wadsworth Pub. Co.,
Date of publication, distribution, etc c1982.
300 ## - PHYSICAL DESCRIPTION
Pagination x, 260 p. ;
Dimensions 23 cm.
504 ## - BIBLIOGRAPHY, ETC. NOTE
Bibliography, etc Bibliography: p. 260.
650 #0 - SUBJECT ADDED ENTRY--TOPICAL TERM
Topical term or geographic name as entry element English language
General subdivision Rhetoric
-- Ability testing.
650 #0 - SUBJECT ADDED ENTRY--TOPICAL TERM
Topical term or geographic name as entry element Report writing
General subdivision Ability testing.
942 ## - ADDED ENTRY ELEMENTS (KOHA)
Source of classification or shelving scheme Dewey Decimal Classification
Koha item type Books
Holdings
Source of classification or shelving scheme Damaged status Not for loan Home library Current library Shelving location Date of accession Source of acquisition Total Checkouts Full call number Barcode Date last seen Copy number Koha item type
Dewey Decimal Classification     JCC Rouf Library JCC Rouf Library General Stacks 12/07/2017 The Asia Foundation   808/.042 KRU 1982 6975 12/07/2017 C- 1 Books
Dewey Decimal Classification     JCC Rouf Library JCC Rouf Library General Stacks 03/20/2018     808/.042 KRU 1982 12538 03/20/2018 C-2 Books

JCC Library | Contacts | JCC Home

Last Update on 23 September 2017
Copyright @ 2017-2020 JCC Rouf Library
Rouf Library, Jhenidah Cadet College (JCC), Bangladesh